000 00588nam a2200181 i 4500
001 51454
003 ES-MaACL
005 20230906162351.0
007 t|
008 030813s1969 sp a |||| | spa d
100 1 _aDal Fabro, Mario.
_942469
245 1 0 _aCómo construir muebles por elementos
_b: 103 modelos /
_cMario Dal Fabro ; [traducida por Segundo Estevez Somolinos].
260 _aBarcelona :
_bCEAC,
_c[1969]
300 _a262 p. :
_bil. ;
_c24 cm.
650 4 _aMuebles-
_xFabricación.
_9165641
700 1 _aEstévez Somolinos, Segundo.
_948168
852 _aES-MaACL
_jC-37980
999 _c51454
_d51454